| 000 | 00968 a2200253 4500 | ||
|---|---|---|---|
| 005 | 20081103112126.0 | ||
| 008 | 081103t xxu||||| |||| 00| 0 urd d | ||
| 010 | _aUR-7285 | ||
| 020 | _c100.00 | ||
| 035 | _aU-5840 | ||
| 037 | _bD.B.Act / pub | ||
| 082 | _a841 | ||
| 100 | _aعثما نی محمد محبوب افسر | ||
| 245 |
_aفکر رسا _cعثما نی محمد محبوب افسر |
||
| 246 |
_aFikr-e- rasa _bby Afsar Osmani |
||
| 260 |
_aکر يم نگر _bحا مد پبليکيشنس _c2005ء |
||
| 270 |
_aمکا ن نمبر 5359،احمد پورہ، _bکريم نگر _e505001 _k0878-2245202 |
||
| 300 |
_a186 ص _c22سينٹی ميٹر |
||
| 650 | _aشا عری | ||
| 650 | _aشا عری | ||
| 700 | _aحا مد پبليکيشنس | ||
| 942 |
_adpl _cUR _k _2ddc _h841 _mع ث م |
||
| 999 |
_c1549 _d1549 |
||